Have your say on rural delivery (Record no. 72205)

MARC details
000 -LEADER
fixed length control field 01251cam a2200205 4500
001 - CONTROL NUMBER
control field WB3909-24
008 - FIXED-LENGTH DATA ELEMENTS--GENERAL INFORMATION
fixed length control field 030304n2003 000 0 eng u
035 ## - SYSTEM CONTROL NUMBER
System control number (Sirsi) u121495
245 ## - TITLE STATEMENT
Title Have your say on rural delivery
260 ## - PUBLICATION, DISTRIBUTION, ETC.
Date of publication, distribution, etc. 2003
490 ## - SERIES STATEMENT
Series statement DEFRA News Release
Volume/sequential designation (74/03) 28 February 2003 (2)
520 ## - SUMMARY, ETC.
Summary, etc. DEFRA is inviting the public to present their views on improving the delivery of government's rural policies. This is part of Lord Haskins' independent review, announced November 2002. The consultation document for both stakeholders and customers is available on the website at http://www.defra.gov.uk/corporate/consult/ruraldelrev/index.htm. Further information can be found at: http://www.defra.gov.uk/erdp/reviews/ruraldelivery/default.htm. Hard copies of the consultation document are also available from the Rural Delivery Review Team on t 020 7238 6380 or c/o Defra, Room 303, Ergon House, Horseferry Road, London SW1P 2AL. The deadline for consultation responses is 23 May 2003. DEFRA News Release http://www.defra.gov.uk/news/2003/03228a.htm
590 ## - LOCAL NOTE (RLIN)
Local note WB
650 ## - SUBJECT ADDED ENTRY--TOPICAL TERM
Topical term or geographic name entry element RURAL ISSUES
650 ## - SUBJECT ADDED ENTRY--TOPICAL TERM
Topical term or geographic name entry element GOVERNMENT POLICY
650 ## - SUBJECT ADDED ENTRY--TOPICAL TERM
Topical term or geographic name entry element PUBLIC CONSULTATIONS
650 ## - SUBJECT ADDED ENTRY--TOPICAL TERM
Topical term or geographic name entry element ENGLAND
690 ## - LOCAL SUBJECT ADDED ENTRY--TOPICAL TERM (OCLC, RLIN)
Topical term or geographic name as entry element Rural
9 (RLIN) 6268
942 ## - ADDED ENTRY ELEMENTS (KOHA)
Suppress in OPAC 0
Holdings
Withdrawn status Lost status Source of classification or shelving scheme Damaged status Not for loan Home library Current library Shelving location Date acquired Total Checkouts Full call number Barcode Date last seen Copy number Price effective from Koha item type
    Dewey Decimal Classification     London London News article 04/03/2003   WB3909-24 121495-1001 06/08/2019 1 06/08/2019 News article